Alfabetización: teoría y práctica
Furkejuvvon:
| Váldodahkki: | |
|---|---|
| Materiálatiipa: | Girji |
| Giella: | espánnjágiella |
| Almmustuhtton: |
Ciudad de México
Siglo XXI
1998
|
| Preanttus: | 3a. ed |
| Ráidu: | Educación
|
| Fáttát: | |
| Fáddágilkorat: |
Lasit fáddágilkoriid
Eai fáddágilkorat, Lasit vuosttaš fáddágilkora!
|
MARC
| LEADER | 00000nam a2200000 a 4500 | ||
|---|---|---|---|
| 001 | UCK0376 | ||
| 003 | CL-VaPUC | ||
| 008 | 041001e19980000MX |||||||||||||||||spa|d | ||
| 020 | |a 9682320577 | ||
| 082 | 0 | 4 | |a 379.24 |b FER |2 21 |
| 100 | 1 | |a Ferreiro Schiavi, Emilia |e autora |9 590820 | |
| 245 | 1 | 0 | |a Alfabetización: teoría y práctica |
| 250 | |a 3a. ed | ||
| 300 | |a 204 p | ||
| 942 | |c BK | ||
| 945 | |d 20041001 00:00:00 |a cmena | ||
| 260 | |a Ciudad de México |b Siglo XXI |c 1998 | ||
| 650 | 0 | |a Alfabetización |9 310435 | |
| 650 | 0 | |a Política educacional |9 308011 | |
| 650 | 0 | |a Planificación de la educación |9 307333 | |
| 650 | 0 | |a Calidad de la educación |9 307271 | |
| 650 | 0 | |a Estado y educación |9 311264 | |
| 583 | |a last modification |c 20041001 00:00:00 |k Rodrigo Vera | ||
| 490 | 0 | |a Educación | |
| 999 | |c 310836 |d 310834 | ||
| 952 | |0 0 |1 0 |4 0 |6 379_240000000000000_FER_1998 |7 0 |8 A |9 379867 |a BIBEDU |b BIBEDU |d 2019-11-21 |i 4065727 |o 379.24 FER 1998 |p 4065727 |r 2019-11-21 |w 2019-11-21 |y BK |k PAR | ||